Southville International School and Colleges
Your cart is empty.
  • Cart
  • Lists
    Public lists Eva Luna New books Lux_list list_1
    Your lists Log in to create your own lists
  • Log in to your account
  • Your cookies
  • Search history
Southville International School and Colleges
  • Advanced search
  • Recent comments
  • Most popular
  • Libraries

Log in to your account

Log in with GOOGLE


If you do not have an external account, but do have a local account, you can still log in:

  1. Home
  2. MARC view: The Sketching and drawing bible :
Normal view MARC view ISBD view

The Sketching and drawing bible : (Record no. 282500)

[ view plain ]
MARC details
000 -LEADER
fixed length control field 00704nam a2200205 a 4500
001 - CONTROL NUMBER
control field HUB041483
005 - DATE AND TIME OF LATEST TRANSACTION
control field 20150202094811.0
008 - FIXED-LENGTH DATA ELEMENTS--GENERAL INFORMATION
fixed length control field
020 ## - INTERNATIONAL STANDARD BOOK NUMBER
International Standard Book Number 0785819452
050 ## - LIBRARY OF CONGRESS CALL NUMBER
Classification number NC 730
Item number .Sc85 2005
100 ## - MAIN ENTRY--PERSONAL NAME
Personal name Scott, Marilyn.
245 14 - TITLE STATEMENT
Title The Sketching and drawing bible :
Remainder of title an essential reference for practicing artist /
Statement of responsibility, etc Marilyn Scott.
260 ## - PUBLICATION, DISTRIBUTION, ETC. (IMPRINT)
Place of publication, distribution, etc Edison, New Jersey :
Name of publisher, distributor, etc Chartwell Books,
Date of publication, distribution, etc c2005.
300 ## - PHYSICAL DESCRIPTION
Extent 192 pages :
Other physical details colored illustrations ;
Dimensions 21 cm.
504 ## - BIBLIOGRAPHY, ETC. NOTE
Bibliography, etc Includes index.
505 ## - FORMATTED CONTENTS NOTE
Title Choosing and using materials --
-- Further techniques --
-- Subjects.
521 ## - TARGET AUDIENCE NOTE
Target audience note Media Arts
650 ## - SUBJECT ADDED ENTRY--TOPICAL TERM
Topical term or geographic name as entry element Drawing
General subdivision Technique.
942 ## - ADDED ENTRY ELEMENTS (KOHA)
Source of classification or shelving scheme Library of Congress Classification
Koha item type Books
Call number prefix Foreign
Holdings
Withdrawn status Lost status Source of classification or shelving scheme Damaged status Home library Current library Shelving location Date acquired Source of acquisition Sub Shelving location Total Checkouts Full call number Barcode Date last seen Price effective from Koha item type
    Library of Congress Classification   College Library College Library General Circulation Section 02/02/2015 Library Fund     NC 730 .Sc85 2005 C8044 05/15/2018 02/02/2015 Books

The Sketching and drawing bible :

APA

Scott M., . (2005). The Sketching and drawing bible. Edison, New Jersey: Chartwell Books.

Chicago

Scott Marilyn, . 2005. The Sketching and drawing bible. Edison, New Jersey: Chartwell Books.

Harvard

Scott M., . (2005). The Sketching and drawing bible. Edison, New Jersey: Chartwell Books.

MLA

Scott Marilyn, . The Sketching and drawing bible. Edison, New Jersey: Chartwell Books. 2005.

  • Place hold
  • Print
  • Cite
  • Add to your cart (remove)
  • Save record
    BIBTEX Dublin Core MARCXML MARC (non-Unicode/MARC-8) MARC (Unicode/UTF-8) MARC (Unicode/UTF-8, Standard) MODS (XML) RIS
  • More searches
    Search for this title in:
    Other Libraries (WorldCat) Other Databases (Google Scholar) Online Stores (Bookfinder.com) Open Library (openlibrary.org)

Exporting to Dublin Core...

SOUTHVILLE LIBRARY

Southville International School and Colleges Library

1281 Tropical Ave. Cor. Luxembourg St., BF Homes International, Las Pinas City

Tel. No. 8256374 / 252358 Loc. 117/146

Powered by Koha